000 00460nam a2200133 i 4500
001 52910
003 ES-MaACL
007 t|
008 030910s1999 sp ||||1| spa d
100 1 _aDelanoüe, J.
_943314
245 1 0 _aI du role des corps gazeme dans les phénompenes volcaniques
_b: . II: Mode de formation de quelques roches volcaniques aux environs de pug-en-velay /
_cJ. Delanoüe.
260 _aParis :
_b[s.n.],
_c1870.
852 _aES-MaACL
_jT-911-F-4
999 _c52910
_d52910